| 000 -CABECERA |
| Campo de control de longitud fija |
02502nam a22003137a 4500 |
| 003 - IDENTIFICADOR DEL NÚMERO DE CONTROL |
| Campo de control |
OSt |
| 005 - FECHA Y HORA DE LA ÚLTIMA TRANSACCIÓN |
| Campo de control |
20260416192141.0 |
| 008 - CÓDIGOS DE INFORMACIÓN DE LONGITUD FIJA |
| Campo de control de longitud fija |
260416t2020 xxu||||| |||| 00| 0 eng d |
| 020 ## - NÚMERO INTERNACIONAL NORMALIZADO PARA LIBROS (ISBN) |
| Número Internacional Normalizado para Libros (ISBN) |
9783030215835 |
| 020 ## - NÚMERO INTERNACIONAL NORMALIZADO PARA LIBROS (ISBN) |
| Número Internacional Normalizado para Libros (ISBN) |
9783030215828 |
| 040 ## - FUENTE DE LA CATALOGACIÓN |
| Centro catalogador de origen |
Unicoc |
| Lengua de catalogación |
spa |
| Centro que cataloga |
Bogotá (Dr. David Ordóñez Rueda) - Campus Norte |
| Centro modificador |
Bogotá (Dr. David Ordóñez Rueda) - Campus Norte |
| 082 ## - NÚMERO DE LA CLASIFICACIÓN DECIMAL DEWEY |
| Número de clasificación |
617.695 |
| 100 ## - PUNTO DE ACCESO PRINCIPAL - NOMBRE DE PERSONA |
| 9 (RLIN) |
12978 |
| Nombre de persona |
Tayebi, Lobat |
| 245 ## - MENCIÓN DE TÍTULO |
| Título |
Applications of biomedical engineering in dentistry |
| Mención de responsabilidad etc. |
/ Lobat Tayebi |
| 250 ## - MENCIÓN DE EDICIÓN |
| Mención de edición |
1 Ed. |
| 260 ## - PUBLICATION, DISTRIBUTION, ETC. (IMPRINT) |
| Lugar de publicación distribución etc. |
Suiza : |
| Nombre del editor distribuidor etc. |
Springer , |
| Fecha de publicación distribución etc. |
2020 |
| 300 ## - DESCRIPCIÓN FÍSICA |
| Extensión |
477 páginas |
| 500 ## - NOTA GENERAL |
| Nota general |
Incluye Índice y referencias bibliográficas |
| 505 ## - NOTA DE CONTENIDO CON FORMATO |
| Título |
Chapter 1. Introduction to application of biomedical engineering in dentistry. -- |
| -- |
Chapter 2. Biomedical materials in dentistry. -- |
| -- |
Chapter 3. Materials used intraoperatively during oral and maxillofacial surgery procedures. -- |
| -- |
Chapter 4. 3D imaging in dentistry and oral tissue engineering. -- |
| -- |
Chapter 5. Application of bioreactors in dental and oral tissue engineering. -- |
| -- |
Chapter 6. Engineering of dental titanium implants and their coating techniques. -- |
| -- |
Chapter 7. Applications of laser in dentistry. -- |
| -- |
Chapter 8. Applications of hard and soft tissue engineering in dentistry. -- |
| -- |
Chapter 9. 3D printing in dentistry. -- |
| -- |
Chapter 10. Clinical functions of regenerative dentistry and tissue engineering in treatment of oral and maxillofacial soft tissues. -- |
| -- |
Chapter 11. Challenges in the rehabilitation handling of large and localized oral and maxillofacial defects. -- |
| -- |
Chapter 12. Recent advances in nanodentistry. -- |
| -- |
Chapter 13. Application of stem cell encapsulated hydrogel in dentistry. -- |
| -- |
Chapter 14. Tissue engineering in periodontal regeneration. -- |
| -- |
Chapter 15. Oral mucosal grafting in ophthalmology. -- |
| -- |
Chapter 16. Microfluidic technologies using oral factors: saliva-based studies. -- |
| -- |
Chapter 17. Injectable gels for dental and craniofacial applications. -- |
| -- |
Chapter 18. Animal models in dental research. -- |
| -- |
Chapter 19. Whole tooth engineering. |
| 526 ## - NOTA DE INFORMACIÓN SOBRE EL PROGRAMA DE ESTUDIO |
| Institución que aplica el campo |
Unicoc |
| 546 ## - NOTA DE LENGUA |
| Nota de lengua |
Inglés |
| 650 #0 - PUNTO DE ACCESO ADICIONAL DE MATERIA - TÉRMINO DE MATERIA |
| 9 (RLIN) |
747 |
| Término de materia o nombre geográfico como elemento inicial |
Tecnología dental |
| 650 #0 - PUNTO DE ACCESO ADICIONAL DE MATERIA - TÉRMINO DE MATERIA |
| 9 (RLIN) |
61 |
| Término de materia o nombre geográfico como elemento inicial |
Biomateriales |
| Subdivisión de forma |
Aplicaciones |
| Subdivisión de materia general |
Ingeniería Biomédica |
| 650 #0 - PUNTO DE ACCESO ADICIONAL DE MATERIA - TÉRMINO DE MATERIA |
| 9 (RLIN) |
60 |
| Término de materia o nombre geográfico como elemento inicial |
Materiales dentales |
| 650 #0 - PUNTO DE ACCESO ADICIONAL DE MATERIA - TÉRMINO DE MATERIA |
| 9 (RLIN) |
12844 |
| Término de materia o nombre geográfico como elemento inicial |
Titanio |
| Subdivisión de materia general |
Implantes dentales |
| 658 #0 - TÉRMINO DE INDIZACIÓN - OBJETIVO CURRICULAR |
| 9 (RLIN) |
8073 |
| Programa Académico |
Especialización en Prostodoncia |
| 856 ## - LOCALIZACIÓN Y ACCESO ELECTRÓNICOS |
| Texto del enlace |
Acceso online exclusivo para comunidad Unicoc. |
| Identificador Uniforme del Recurso (URI) |
https://unicoceduco-my.sharepoint.com/:b:/g/personal/direccionbiblioteca_unicoc_edu_co/IQA0Fy1NAcwLTa9qububNww_AeDUMmpgVOoLwxz0sNHCauo |
| 942 ## - ENTRADA PARA ELEMENTOS AGREGADOS (KOHA) |
| Fuente de clasificación o esquema de ordenación en estanterías |
|
| Koha [por defecto] tipo de item |
Libro electrónico |